000
00336nam a22001457a 4500
008
210521b ||||| |||| 00| 0 eng d
020
_a
9780073256924
041
_a
eng
080
_2
6th
_a
82
082
_a
82
100
_a
4
101
_a
SHM
245
_a
Literature Reading Fiction, Poetry and Drama
_c
DiYanni,R
942
_2
udc
_c
BK
999
_c
57592
_d
57592